| 000 | 00977nam a2200241 a 4500 | ||
|---|---|---|---|
| 001 | BRCA_707 | ||
| 005 | 20190320203120.0 | ||
| 008 | 940509s1994 mx-a---##b---#000-0#spa-# | ||
| 020 | _a9687009403 | ||
| 040 |
_aDLC _cDLC _dDLC |
||
| 050 | 4 |
_aG1549.M4 _b.M39 1994 |
|
| 100 | 1 |
_aMayer, Roberto L. _9786 |
|
| 245 | 1 | 0 |
_aMéxico ilustrado _bmapas, planos, grabados e ilustraciones de los siglos XVI al XIX _cRoberto L. Mayer, Antonio Rubial García, Guadalupe Jiménez Codinach. |
| 260 |
_aMéxico _bFomento Cultural Banamex _c1994 |
||
| 300 |
_a265 p. _bil. (algunas a color), mapas _c31 cm. |
||
| 500 | _aCatálogo de la exposición realizada en el Palacio de Iturbide (Ciudad de México), abril-junio, 1994 | ||
| 504 | _aBibliografía: p. 54 | ||
| 651 | 4 |
_aMéxico _xHistoria _yColonia española, 1540-1810 _9394 |
|
| 651 | 4 |
_aMéxico _vExposiciones _xMapas _92331 |
|
| 700 | 1 |
_aRubial García, Antonio _9363 |
|
| 700 | 1 |
_aJiménez Codinach, Estela Guadalupe _92332 |
|
| 942 |
_2lcc _cB |
||
| 999 |
_c610 _d610 |
||